Artistes suédois les plus écoutés sur Spotify - Statistiques

Statistiques générales
  • Ce quiz a été pris 48 fois
  • Le résultat moyen est 3 sur 20
Statistiques - réponses
Nb d'auditeurs/mois Artiste % Correct
27 755 000 ABBA
89%
36 180 000 Avicii
77%
23 300 000 Zara Larsson
38%
12 195 000 Loreen
26%
7 675 000 Axwell /\ Ingrosso
19%
24 625 000 Swedish House Mafia
17%
19 560 000 Alesso
11%
6 895 000 Europe
9%
15 970 000 Tove Lo
9%
10 650 000 Roxette
6%
13 730 000 Galantis
4%
9 755 000 Icona Pop
4%
8 940 000 Lykke Li
4%
8 700 000 The Cardigans
4%
9 920 000 Birdy
2%
9 370 000 Ghost
2%
8 175 000 Mabel
2%
8 525 000 Sandro Cavazza
2%
7 220 000 The Kooks
2%
10 310 000 A7S
0%
Aucun quiz correspondant
Distribution des résultats
% des personnes avec chaque résultat
Percentile par nombre de réponses
Votre historique - résultats
Vous n’avez pas pris ce quiz